The works of Lord Byron. (Record no. 152910)
[ view plain ]
| 000 -LEADER | |
|---|---|
| campo de control de longitud fija | 00799nam a22002175i 4500 |
| 001 - NÚMERO DE CONTROL | |
| campo de control | 152910 |
| 003 - IDENTIFICADOR DE NÚMERO DE CONTROL | |
| campo de control | ES-MaACL |
| 005 - FECHA Y HORA DE LA ÚLTIMA TRANSACCIÓN | |
| campo de control | 20250724063415.0 |
| 008 - DATOS DE LONGITUD FIJA--INFORMACIÓN GENERAL | |
| campo de control de longitud fija | 051019s1842 gw | |||||||| ||ger d |
| 100 1# - ENTRADA PRINCIPAL--NOMBRE DE PERSONA | |
| Nombre de persona | Byron, George Gordon Byron, |
| Títulos y otros términos asociados al nombre | Baron, |
| Fechas asociadas al nombre | 1788-1824 |
| 9 (RLIN) | 33026 |
| 245 14 - MENCIÓN DEL TÍTULO | |
| Título | The works of Lord Byron. |
| 260 ## - PUBLICACIÓN, DISTRIBUCIÓN, ETC. | |
| Lugar de publicación, distribución, etc. | Leipzig : |
| Nombre del editor, distribuidor, etc. | Bernh. Tauchnitz, |
| Fecha de publicación, distribución, etc. | 1842. |
| 300 ## - DESCRIPCIÓN FÍSICA | |
| Extensión | 5 v., [5] h. de lám. ; |
| Dimensiones | 16 cm. |
| 490 1# - MENCIÓN DE SERIE | |
| Mención de serie | Collection of British authors ; |
| Designación de volumen o secuencia | 8-12 |
| 599 ## - NOTA A LAS ILUSTRACIONES | |
| NOTA A LAS ILUSTRACIONES | En cada tomo [1] h. de lám., en el T. I., retrato del autor, en el resto personajes femeninos. |
| 700 1# - ENTRADA AGREGADA--NOMBRE PERSONAL | |
| Nombre de persona | Tauchnitz, Bernhard. |
| 9 (RLIN) | 162210 |
| 752 ## - ENTRADA AGREGADA--NOMBRE JERÁRQUICO DEL LUGAR | |
| País o entidad superior | Alemania - |
| Ciudad | Leipzig |
| 830 1# - PUNTO DE ACCESO ADICIONAL DE SERIE-TÍTULO UNIFORME | |
| Título uniforme | Collection of British authors ; |
| Designación de volumen o secuencia | 8-12 |
| 9 (RLIN) | 180703 |
| 852 ## - LOCALIZACIÓN | |
| Ubicación | ES-MaACL |
| Número de control de estantería | G-11385-89 |
| Nota libre | - Enc. hol. |
| Estatus retirado | Estado de pérdida | Estado de daño | No para préstamo | Colección | Biblioteca de origen | Biblioteca actual | Ubicación en estantería | Fecha de adquisición | Total de préstamos | Signatura topográfica completa | Código de barras | Visto por última vez | Precio de reemplazo | Tipo de ítem Koha |
|---|---|---|---|---|---|---|---|---|---|---|---|---|---|---|
| Libros del s. XIX | Biblioteca del Ateneo de Madrid | Biblioteca del Ateneo de Madrid | Sala Pecera Planta 3 | 17/01/2008 | G-11385-89 | 1159714 | 23/02/2023 | 23/02/2023 | Libro impreso antiguo |
